000 00324nam a2200133Ia 4500
008 240624s9999 xx 000 0 und d
041 _aeng
082 _a332.1 TAN
100 _aTANDON DEEPAK
245 _aMANAGEMENT OF BANKS TEXT AND CASES
260 _c2015
_aNew Delhi
_bTaxmann
300 _a336 : p.
365 _cRS
_b30
999 _c27916
_d27916